[Event "PRO League Eastern 2017"]
[Site "chess.com INT"]
[Date "2017.02.01"]
[Round "4"]
[White "Van der Lende, Ilias"]
[Black "Miladinovic, Igor"]
[Result "1/2-1/2"]
[WhiteTitle "FM"]
[BlackTitle "GM"]
[WhiteElo "2315"]
[BlackElo "2538"]
[WhiteTeam "Amsterdam Mosquitos"]
[BlackTeam "Odisha Express"]
[WhiteFideId "1019260"]
[BlackFideId "4203380"]
[EventDate "2017.01.11"]

1. e4 c5 2. c3 Nf6 3. e5 Nd5 4. d4 cxd4 5. Nf3 Nc6 6. cxd4 d6 7. Bc4 e6 8. O-O
Be7 9. exd6 Qxd6 10. Nc3 Nxc3 11. bxc3 O-O 12. Re1 b6 13. Ng5 Bxg5 14. Bxg5 Bb7
15. Qg4 Ne7 16. Bd3 Ng6 17. h4 f5 18. Qh3 h6 19. h5 Nh8 20. Bc4 Bd5 21. Be7 Qc6
22. Bxd5 Qxd5 23. Bxf8 Rxf8 24. Re5 Qc4 25. Rae1 Nf7 26. R5e2 Ng5 27. Qg3 f4 28.
Qg4 Qxc3 29. Rxe6 Nxe6 30. Qxe6+ Kh8 31. d5 Rd8 32. Qe7 Qf6 33. Qxa7 Kh7 34. Qb7
Rd6 35. Qc8 Rxd5 36. Qc2+ Qf5 37. Qxf5+ Rxf5 38. Rb1 Rxh5 39. Rxb6 Ra5 40. Rb2
g5 41. Kh2 Kg6 42. Kh3 Ra3+ 43. Kh2 Kh5 44. Rc2 Kg4 45. Rb2 h5 46. Rc2 Rd3 47.
Rb2 h4 48. f3+ Kh5 49. Rb8 Ra3 50. Rh8+ Kg6 51. Rg8+ Kf6 52. Rf8+ Kg7 53. Rb8
Rxa2 54. Rb6 g4 55. Rb4 h3 56. fxg4 f3 57. Kxh3 fxg2 58. Kh2 Kg6 59. Rb5 1/2-1/2

[Event "PRO League Eastern 2017"]
[Site "chess.com INT"]
[Date "2017.02.01"]
[Round "4"]
[White "Lenic, Luka"]
[Black "Cawdery, Daniel"]
[Result "1/2-1/2"]
[WhiteTitle "GM"]
[BlackTitle "IM"]
[WhiteElo "2641"]
[BlackElo "2418"]
[WhiteTeam "Ljubljana Direwolves"]
[BlackTeam "Johannesburg Koeksisters"]
[WhiteFideId "14603853"]
[BlackFideId "14300249"]
[EventDate "2017.01.11"]

1. d4 d5 2. Nf3 Nf6 3. c4 dxc4 4. e3 Bg4 5. Bxc4 e6 6. O-O Bd6 7. h3 Bh5 8. Qb3
Bxf3 9. gxf3 Qc8 10. Nc3 O-O 11. Ne4 Nxe4 12. fxe4 e5 13. Kg2 Nc6 14. Bd5 exd4
15. Bxc6 bxc6 16. exd4 c5 17. dxc5 Bxc5 18. Bf4 Rb8 19. Qc4 Bd6 1/2-1/2

[Event "PRO League Eastern 2017"]
[Site "chess.com INT"]
[Date "2017.02.01"]
[Round "4"]
[White "Lenic, Luka"]
[Black "De Abreu, Roberto N"]
[Result "1-0"]
[WhiteTitle "GM"]
[BlackTitle "FM"]
[WhiteElo "2641"]
[BlackElo "2110"]
[WhiteTeam "Ljubljana Direwolves"]
[BlackTeam "Johannesburg Koeksisters"]
[WhiteFideId "14603853"]
[BlackFideId "14307472"]
[EventDate "2017.01.11"]

1. Nf3 c5 2. c4 Nc6 3. d4 cxd4 4. Nxd4 Nf6 5. Nc3 e6 6. a3 Be7 7. e4 O-O 8. Nf3
Qa5 9. Bd3 d5 10. exd5 exd5 11. cxd5 Nxd5 12. Bxh7+ Kxh7 13. Qxd5 Qxd5 14. Nxd5
Bd6 15. O-O Bg4 16. Ng5+ Kg6 17. Ne4 Be5 18. Nf4+ Kh7 19. Nd3 Bd4 20. Re1 b6 21.
Be3 Rad8 22. Rac1 Bxe3 23. Rxe3 Nd4 24. Ng3 Nf5 25. Nxf5 Bxf5 26. Ne5 Rd2 27.
Nc4 Rc8 28. Rec3 Rd5 29. Ne3 Rxc3 30. Rxc3 Rd2 31. h4 Be6 32. b4 a5 33. Rc6 Ra2
34. Rxb6 Rxa3 35. bxa5 Rxa5 36. Kh2 Ra2 37. Kg3 Ra4 38. Rb5 Kg6 39. Rg5+ Kh7 40.
Rc5 Kg6 41. Rg5+ Kh7 42. f3 Ra2 43. Rc5 Kg6 44. Rc6 Kh7 45. Rd6 Re2 46. Nd1 Ra2
47. Nc3 Ra3 48. Ne4 Kg6 49. Kf4 Ra4 50. g4 Rb4 51. Kg3 Rb2 52. h5+ Kh6 53. Rd8
g6 54. g5+ 1-0

[Event "PRO League Eastern 2017"]
[Site "chess.com INT"]
[Date "2017.02.01"]
[Round "4"]
[White "Gorozhanin, Mikhail"]
[Black "Romanov, Evgeny"]
[Result "0-1"]
[WhiteTitle "FM"]
[BlackTitle "GM"]
[WhiteElo "2408"]
[BlackElo "2644"]
[WhiteTeam "Gorky Stormbringers"]
[BlackTeam "Norway Gnomes"]
[WhiteFideId "4178262"]
[BlackFideId "4148843"]
[EventDate "2017.01.11"]

1. d4 Nf6 2. Bf4 b6 3. e3 Bb7 4. Nf3 c5 5. h3 g6 6. Be2 Bg7 7. c3 O-O 8. O-O d6
9. a4 a6 10. Bh2 Nbd7 11. Nbd2 Bc6 12. b4 Nd5 13. Qb3 e5 14. b5 axb5 15. axb5
Bb7 16. Nc4 Qe7 17. dxe5 dxe5 18. Nfd2 Qe6 19. Bf3 e4 20. Bxe4 Bxc3 21. Rxa8
Bxa8 22. Bf3 Bg7 23. Bd6 Rd8 24. Bg4 f5 25. Bf3 Kh8 26. e4 Nc3 27. exf5 gxf5 28.
Bxa8 Rxa8 29. Nf3 Ra4 30. Re1 Qxc4 31. Re8+ Nf8 32. Qxc4 Rxc4 33. Bxf8 Bxf8 34.
Rxf8+ Kg7 35. Rxf5 Nxb5 36. Ne5 Rc1+ 37. Kh2 Nd6 38. Rf4 b5 39. g4 b4 40. Rf3 c4
41. Nd7 b3 42. Nc5 b2 43. Ne6+ Kg6 44. h4 Rh1+ 45. Kg3 Ne4+ 46. Kg2 b1=Q 47.
Nf8+ Kh6 48. g5+ Nxg5 49. hxg5+ Kxg5 50. Ne6+ Kh6 51. Rf6+ Kh5 52. Rf5+ Qxf5 53.
Ng7+ Kg6 54. Nxf5 Kxf5 0-1

[Event "PRO League Eastern 2017"]
[Site "chess.com INT"]
[Date "2017.02.01"]
[Round "4"]
[White "Nihal, Sarin"]
[Black "Kim, Kristina"]
[Result "1-0"]
[WhiteTitle "FM"]
[WhiteElo "2340"]
[BlackElo "1875"]
[WhiteTeam "Delhi Dynamite"]
[BlackTeam "Shymkent Nomads"]
[WhiteFideId "25092340"]
[BlackFideId "13712438"]
[EventDate "2017.01.11"]

1. Nf3 Nf6 2. c4 Nc6 3. Nc3 e5 4. g3 Bb4 5. Bg2 O-O 6. O-O Re8 7. Nd5 Bf8 8. d3
d6 9. Bg5 Be6 10. Bxf6 gxf6 11. Nd2 f5 12. b4 Bg7 13. b5 Nb8 14. Rb1 c6 15. bxc6
bxc6 16. Nb4 Qc7 17. Qa4 a5 18. Rfc1 Bd7 19. Nc2 Na6 20. Qa3 Reb8 21. Rxb8+ Rxb8
22. Nb3 Nb4 23. Ne1 Ra8 24. Nd2 Bh6 25. Rd1 Rb8 26. Nb1 f4 27. Nc3 fxg3 28. hxg3
f5 29. Rb1 Kh8 30. Qa4 Bd2 31. a3 Bxc3 32. axb4 axb4 33. Nc2 Qb7 34. Qb3 Qa7 35.
c5 Qxc5 36. Qf7 Be8 37. Qf8# 1-0

[Event "PRO League Eastern 2017"]
[Site "chess.com INT"]
[Date "2017.02.01"]
[Round "4"]
[White "Samolins, Vitalijs"]
[Black "Bommini, Mounika Akshaya"]
[Result "1-0"]
[WhiteTitle "IM"]
[BlackTitle "WFM"]
[WhiteElo "2402"]
[BlackElo "1700"]
[WhiteTeam "Riga Magicians"]
[BlackTeam "Amaravati Yodhas"]
[WhiteFideId "11602112"]
[BlackFideId "25019872"]
[EventDate "2017.01.11"]

1. e4 Nc6 2. Nc3 Nf6 3. g3 d5 4. exd5 Nxd5 5. Bg2 Nxc3 6. bxc3 e5 7. d3 Bc5 8.
Nf3 O-O 9. O-O Bb6 10. Re1 Re8 11. Bb2 f6 12. Nd2 Be6 13. c4 Qd7 14. Rb1 Bg4 15.
Bf3 Bxf3 16. Qxf3 Rab8 17. Nb3 a5 18. c5 Ba7 19. Qe4 Kh8 20. Bc3 b6 21. a4 Rbd8
22. Qc4 Qd5 23. Nd2 Nd4 24. Qxd5 Rxd5 25. Bxd4 Rxd4 26. Nc4 bxc5 27. f3 Bb6 28.
Re4 h6 29. Kf2 Rxe4 30. fxe4 Re6 31. Rb5 Kg8 32. Ke2 Kf7 33. Nxa5 Ke7 34. Nc4
Rc6 35. a5 Ba7 36. Rb7 Ra6 37. Rxc7+ Kf8 38. Rb7 g6 39. h4 1-0

[Event "PRO League Eastern 2017"]
[Site "chess.com INT"]
[Date "2017.02.01"]
[Round "4"]
[White "Grover, Sahaj"]
[Black "Kim, Kristina"]
[Result "1-0"]
[WhiteTitle "GM"]
[WhiteElo "2467"]
[BlackElo "1875"]
[WhiteTeam "Delhi Dynamite"]
[BlackTeam "Shymkent Nomads"]
[WhiteFideId "5021103"]
[BlackFideId "13712438"]
[EventDate "2017.01.11"]

1. d4 Nf6 2. c4 Nc6 3. Nf3 e6 4. g3 d5 5. Bg2 dxc4 6. O-O Be7 7. Qa4 O-O 8. Qxc4
Qd5 9. Qa4 Qa5 10. Qxa5 Nxa5 11. Nc3 Nc4 12. e4 c5 13. dxc5 Bxc5 14. b3 Nb6 15.
Bg5 Bd7 16. a3 a5 17. Ne5 Rfd8 18. Rfd1 Be8 19. Rxd8 Rxd8 20. Ng4 Bd4 21. Rd1
Rd7 22. Ne2 Bb2 23. Nxf6+ gxf6 24. Rxd7 Nxd7 25. Bc1 Bxc1 26. Nxc1 e5 27. Kf1
Kf8 28. Ke2 Ke7 29. b4 axb4 30. axb4 Nf8 31. Bh3 Ne6 32. Nb3 Kd6 33. Ke3 b6 34.
f4 Ba4 35. Bxe6 fxe6 36. fxe5+ Kxe5 37. Nd2 Bb5 38. Nf3+ Kd6 39. Kf4 Be2 40. e5+
fxe5+ 41. Nxe5 Kd5 42. g4 b5 43. h4 Bd1 44. h5 Kd4 45. h6 Kc3 46. g5 Bc2 47. g6
hxg6 48. Kg5 Kd4 49. Ng4 Kc4 50. Ne3+ Kxb4 51. Nxc2+ Kc3 52. h7 Kxc2 53. h8=Q 1-0

[Event "PRO League Eastern 2017"]
[Site "chess.com INT"]
[Date "2017.02.01"]
[Round "4"]
[White "Grover, Sahaj"]
[Black "Balabaev, Timur"]
[Result "1/2-1/2"]
[WhiteTitle "GM"]
[BlackTitle "IM"]
[WhiteElo "2467"]
[BlackElo "2393"]
[WhiteTeam "Delhi Dynamite"]
[BlackTeam "Shymkent Nomads"]
[WhiteFideId "5021103"]
[BlackFideId "13700847"]
[EventDate "2017.01.11"]

1. e4 c5 2. Nf3 Nc6 3. Nc3 e5 4. Bc4 Be7 5. d3 d6 6. O-O Nf6 7. Ng5 O-O 8. f4
Bg4 9. Qe1 exf4 10. Bxf4 Nd4 11. Qd2 Qd7 12. Be3 Be6 13. Nxe6 fxe6 14. Bxd4 cxd4
15. Ne2 Kh8 16. Nf4 d5 17. exd5 exd5 18. Bb3 Bc5 19. Rae1 Rae8 20. Rxe8 Rxe8 21.
g3 Bb6 22. Qg2 Ng4 23. Qh3 g5 24. Nh5 Qe6 25. Bxd5 Qe3+ 26. Kg2 Qe2+ 27. Kg1
Qe3+ 28. Kg2 Qe2+ 1/2-1/2

[Event "PRO League Eastern 2017"]
[Site "chess.com INT"]
[Date "2017.02.01"]
[Round "4"]
[White "Sai, Krishna G V"]
[Black "Bernotas, Arturs"]
[Result "1-0"]
[WhiteTitle "FM"]
[BlackTitle "FM"]
[WhiteElo "2339"]
[BlackElo "2332"]
[WhiteTeam "Amaravati Yodhas"]
[BlackTeam "Riga Magicians"]
[WhiteFideId "5028280"]
[BlackFideId "11601426"]
[EventDate "2017.01.11"]

1. Nc3 d5 2. e4 dxe4 3. Nxe4 Nf6 4. Nxf6+ exf6 5. Nf3 Bd6 6. Be2 O-O 7. O-O Bf5
8. d4 Nd7 9. c3 Re8 10. Be3 c6 11. Re1 Qc7 12. h3 Bf4 13. Bd3 Bxd3 14. Qxd3 Nb6
15. Bxf4 Qxf4 16. g3 Qd6 17. c4 Qb4 18. b3 Rad8 19. Kg2 g6 20. Re3 Qa3 21. Re2
Nd7 22. Rae1 Rxe2 23. Rxe2 Nf8 24. h4 Qd6 25. h5 Ne6 26. hxg6 hxg6 27. Qd2 f5
28. Re1 Kg7 29. Rh1 Rh8 30. Rxh8 Kxh8 31. Qe3 Kg8 32. d5 cxd5 33. Qxa7 dxc4 34.
Qxb7 cxb3 35. axb3 Nc5 36. Qb4 Qc6 37. Qc4 Qb6 38. b4 Ne4 39. Nd4 f4 40. gxf4
Qd6 41. Ne2 Nd2 42. Qc8+ Kh7 43. Qc5 Qd7 44. f5 gxf5 45. b5 Qe6 46. Ng3 Qg6 47.
b6 f4 48. Qf5 fxg3 49. Qxg6+ Kxg6 50. b7 gxf2 51. Kxf2 Ne4+ 52. Kg1 Ng5 53. b8=Q
f6 54. Qb1+ Kg7 55. Kf2 Nh3+ 56. Kg3 Ng5 57. Kg4 Nf7 58. Kh5 Ne5 59. Qb7+ Kf8
60. Kh4 Nf7 61. Kg4 Kg8 62. Qe7 Nh6+ 63. Kh5 Nf5 64. Qe8+ Kh7 65. Qg6+ 1-0

[Event "PRO League Eastern 2017"]
[Site "chess.com INT"]
[Date "2017.02.01"]
[Round "4"]
[White "Bommini, Mounika Akshaya"]
[Black "Bernotas, Arturs"]
[Result "0-1"]
[WhiteTitle "WFM"]
[BlackTitle "FM"]
[WhiteElo "1700"]
[BlackElo "2332"]
[WhiteTeam "Amaravati Yodhas"]
[BlackTeam "Riga Magicians"]
[WhiteFideId "25019872"]
[BlackFideId "11601426"]
[EventDate "2017.01.11"]

1. d4 Nf6 2. Bf4 e6 3. e3 b6 4. Nf3 Bb7 5. Nbd2 Be7 6. Bd3 O-O 7. h3 d5 8. O-O
Ne4 9. c3 f5 10. Ne5 Nd7 11. Nxd7 Qxd7 12. Nf3 Bf6 13. Ne5 Qe7 14. Rc1 c5 15. a4
Rac8 16. Re1 c4 17. Bc2 Bh4 18. Bxe4 fxe4 19. Rf1 Rf5 20. f3 exf3 21. Nxf3 Rcf8
22. g3 Rxf4 23. gxf4 Bf6 24. Kh2 Bc6 25. Rg1 Be8 26. Ne5 Bxe5 27. dxe5 Bg6 28.
Rg5 Qc5 29. Qf3 b5 30. a5 b4 31. h4 bxc3 32. bxc3 Kh8 33. h5 Be4 34. Qg3 Rg8 35.
Rg1 Qe7 36. Qe1 Qb7 37. Qd2 Qf7 38. Qd1 Rb8 39. Kh3 Bf5+ 40. Kh4 Qe7 41. Kg3 h6
42. Rg6 Bxg6 43. hxg6 Qc5 44. Kf3 Qxa5 45. Qc2 Qa3 46. Rb1 Rb3 47. Rc1 Rb2 48.
Qd1 Qa2 49. Qf1 Rd2 50. Qe1 Rh2 51. Qf1 Rd2 52. Qe1 a5 53. Ra1 Qc2 54. Qf1 Qe4+
55. Kg3 Qxg6+ 56. Kf3 Qh5+ 57. Kg3 Qh2+ 58. Kf3 Qh5+ 59. Kg3 Qg6+ 60. Kf3 Qe4+
61. Kg3 Qxe3+ 62. Qf3 Rd3 63. Qxe3 Rxe3+ 64. Kf2 Rxc3 65. Rxa5 d4 66. Ra8+ Kh7
67. Rd8 d3 68. Ke3 Rc2 69. Rd4 d2 70. Ke2 c3 71. f5 exf5 72. e6 Rc1 73. Rd3 Re1+
74. Kf3 Rxe6 75. Kf4 c2 0-1

[Event "PRO League Eastern 2017"]
[Site "chess.com INT"]
[Date "2017.02.01"]
[Round "4"]
[White "Bommini, Mounika Akshaya"]
[Black "Meskovs, Nikita"]
[Result "0-1"]
[WhiteTitle "WFM"]
[BlackTitle "IM"]
[WhiteElo "1700"]
[BlackElo "2490"]
[WhiteTeam "Amaravati Yodhas"]
[BlackTeam "Riga Magicians"]
[WhiteFideId "25019872"]
[BlackFideId "11602740"]
[EventDate "2017.01.11"]

1. d4 Nf6 2. Bf4 e6 3. e3 b6 4. Nd2 Bb7 5. Ngf3 Be7 6. h3 O-O 7. Bd3 d5 8. O-O
c5 9. c3 Ne4 10. Qc2 f5 11. Ne5 Nc6 12. Ndf3 Na5 13. Rad1 Rc8 14. Qb1 c4 15.
Bxe4 dxe4 16. Nd2 Bd5 17. Rfe1 Nb7 18. Rc1 Nd6 19. b3 b5 20. bxc4 bxc4 21. Qc2
Qa5 22. a4 Nf7 23. Ra1 Nxe5 24. Bxe5 Qa6 25. Reb1 Bd6 26. Bxd6 Qxd6 27. Rb4 h5
28. Rab1 h4 29. Qd1 g6 30. Qe2 Qc6 31. Rb5 Kg7 32. R1b4 Kh6 33. Rc5 Qa6 34. Rcb5
Qc6 35. Rc5 Qd7 36. Rxc8 Rxc8 37. Nxc4 Qc7 0-1

[Event "PRO League Eastern 2017"]
[Site "chess.com INT"]
[Date "2017.02.01"]
[Round "4"]
[White "De Abreu, Roberto N"]
[Black "Pavasovic, Dusko"]
[Result "1/2-1/2"]
[WhiteTitle "FM"]
[BlackTitle "GM"]
[WhiteElo "2110"]
[BlackElo "2548"]
[WhiteTeam "Johannesburg Koeksisters"]
[BlackTeam "Ljubljana Direwolves"]
[WhiteFideId "14307472"]
[BlackFideId "14600986"]
[EventDate "2017.01.11"]

1. d4 f5 2. g3 Nf6 3. Bg2 g6 4. b3 Bg7 5. Bb2 d6 6. Nf3 O-O 7. Nbd2 c6 8. O-O
Na6 9. c4 Ne4 10. Qc2 d5 11. Rac1 Be6 12. e3 Nb4 13. Qb1 a5 14. a3 Na6 15. Ba1
Qd7 16. b4 axb4 17. axb4 Nc7 18. Nb3 dxc4 19. Nc5 Nxc5 20. bxc5 Nb5 21. Nd2 Ra4
22. Bb2 Rfa8 23. Qc2 Bd5 24. Ra1 Rxa1 25. Rxa1 Rxa1+ 26. Bxa1 e5 27. dxe5 Bxg2
28. Kxg2 Qd5+ 29. e4 fxe4 30. Qxc4 Kf8 31. Qxe4 Qxd2 32. e6 Qd5 33. e7+ Ke8 34.
Qxd5 cxd5 35. Bxg7 Kxe7 36. Kf3 Nc7 37. Be5 Ne6 38. Ke3 Kd7 39. f4 Nxc5 40. Kd4
Kc6 41. g4 b5 42. f5 gxf5 43. gxf5 Nd7 44. f6 Nf8 45. f7 Ne6+ 46. Kc3 Kd7 47.
Kb4 Ke7 48. Kxb5 Kxf7 49. Kc6 d4 50. Kd5 d3 51. Bc3 Ng5 52. Kd4 Nf3+ 53. Kxd3
Nxh2 54. Ke2 Kg6 55. Kf2 Ng4+ 56. Kg3 Ne3 57. Ba5 Nf5+ 58. Kh3 h5 59. Bd8 Kf7
60. Bh4 Ke6 61. Bd8 Ke5 62. Bh4 Kf4 63. Bd8 Kf3 64. Bh4 Ke4 65. Bd8 Kf4 66. Bh4
Nd4 67. Bd8 Nf3 68. Bh4 Ng1+ 69. Kg2 Ne2 70. Kh3 Kf5 71. Bd8 Kg6 72. Bh4 Nf4+
73. Kg3 Kf5 74. Bd8 Ng6 75. Kh3 Kf4 76. Bf6 Kf5 77. Bd8 Kf4 78. Bf6 Kf5 79. Bd8 1/2-1/2

[Event "PRO League Eastern 2017"]
[Site "chess.com INT"]
[Date "2017.02.01"]
[Round "4"]
[White "Hammer, Jon Ludvig"]
[Black "Shaposhnikov, Evgeny"]
[Result "0-1"]
[WhiteTitle "GM"]
[BlackTitle "GM"]
[WhiteElo "2628"]
[BlackElo "2557"]
[WhiteTeam "Norway Gnomes"]
[BlackTeam "Gorky Stormbringers"]
[WhiteFideId "1503707"]
[BlackFideId "4122232"]
[EventDate "2017.01.11"]

1. e4 e6 2. d4 d5 3. Nd2 Nc6 4. Ngf3 Nf6 5. exd5 exd5 6. c3 Bd6 7. Bd3 O-O 8.
O-O Ne7 9. Ne5 c5 10. Re1 cxd4 11. cxd4 Bf5 12. Nf1 Bxd3 13. Qxd3 Ne4 14. Ng4 f5
15. Nge3 Kh8 16. f3 Ng5 17. Bd2 Qd7 18. Nc2 Ne6 19. Re2 Nc6 20. Rae1 Rae8 21.
Kh1 Bc7 22. b4 a6 23. a4 Bb6 24. Bc3 g6 25. Qd2 Kg8 26. Re3 Ncd8 27. a5 Bc7 28.
R3e2 Nf7 29. Na1 Nf4 30. Rxe8 Rxe8 31. Nb3 Rxe1 32. Qxe1 Ne6 33. Nc5 Nxc5 34.
bxc5 f4 35. Qb1 Qb5 36. Qxb5 axb5 37. c6 bxc6 38. a6 Bb6 39. Bb4 Bxd4 40. Nd2
Bb6 41. Nb3 Ne5 42. Bc5 Nd7 43. a7 Bxa7 44. Bxa7 b4 45. Kg1 Kf7 46. Kf1 Ke6 47.
Nc5+ Nxc5 48. Bxc5 b3 49. Ba3 d4 50. Ke2 Kd5 51. Bc1 c5 52. Kd1 c4 53. Bxf4 c3
54. Bh6 d3 55. Bg7 Kc4 56. Kc1 b2+ 57. Kb1 d2 58. Kc2 b1=Q+ 59. Kxb1 Kb3 60.
Bxc3 d1=Q# 0-1

[Event "PRO League Eastern 2017"]
[Site "chess.com INT"]
[Date "2017.02.01"]
[Round "4"]
[White "Hammer, Jon Ludvig"]
[Black "Gorozhanin, Mikhail"]
[Result "1/2-1/2"]
[WhiteTitle "GM"]
[BlackTitle "FM"]
[WhiteElo "2628"]
[BlackElo "2408"]
[WhiteTeam "Norway Gnomes"]
[BlackTeam "Gorky Stormbringers"]
[WhiteFideId "1503707"]
[BlackFideId "4178262"]
[EventDate "2017.01.11"]

1. e4 e6 2. d4 d5 3. Nd2 Nf6 4. e5 Nfd7 5. Bd3 c5 6. c3 Nc6 7. Ne2 cxd4 8. cxd4
f6 9. exf6 Qxf6 10. Nf3 h6 11. O-O Bd6 12. Ng3 O-O 13. Bc2 Rd8 14. a3 Nf8 15.
Re1 Bd7 16. b4 a6 17. Bb2 Be8 18. Ne5 Rac8 19. Rc1 Ne7 20. Qg4 Qg5 21. Qxg5 hxg5
22. h3 Nc6 23. Bd3 Bxe5 24. dxe5 Ng6 25. Bxg6 Bxg6 26. Ne2 Bd3 27. Nd4 Nxd4 28.
Bxd4 Rc4 29. Be3 g4 30. Rxc4 dxc4 31. hxg4 c3 32. f3 Rd5 33. Bf4 a5 34. Rc1 c2
35. Kf2 a4 36. Re1 Bc4 37. Bc1 Rd1 38. f4 g6 39. g5 Kf7 40. g4 Ke8 41. f5 exf5
42. gxf5 gxf5 43. e6 Rxe1 44. Kxe1 Bxe6 45. Kd2 Bb3 46. Ke3 Kf7 47. Kf4 Kg6 48.
Bd2 b5 49. Bc1 Bc4 50. Bd2 Bg8 51. Bc1 Bh7 52. Bd2 Kh5 53. Bc1 Kh4 54. Bd2 Kh3
55. Kf3 Kh2 56. Kf2 Bg6 57. Bc1 Bh5 58. Bd2 Kh3 59. Ke3 Kg3 60. Kd3 f4 61. Kxc2
f3 62. Be3 f2 63. Bxf2+ Kxf2 64. Kd3 Kf3 65. Kd4 Kf4 66. Kc5 Kxg5 67. Kxb5 Bd1
68. Kc4 Kf6 69. b5 Ke7 70. Kc3 Kd6 71. Kb2 Kc5 72. b6 Kxb6 73. Ka1 Kc5 74. Kb1
Kc4 75. Ka1 Kb3 76. Kb1 Kxa3 77. Ka1 Kb3 78. Kb1 a3 79. Ka1 a2 1/2-1/2

[Event "PRO League Eastern 2017"]
[Site "chess.com INT"]
[Date "2017.02.01"]
[Round "4"]
[White "Swayams, Mishra"]
[Black "Klein, David"]
[Result "1/2-1/2"]
[WhiteTitle "IM"]
[BlackTitle "GM"]
[WhiteElo "2491"]
[BlackElo "2509"]
[WhiteTeam "Odisha Express"]
[BlackTeam "Amsterdam Mosquitos"]
[WhiteFideId "5028183"]
[BlackFideId "1003623"]
[EventDate "2017.01.11"]

1. e4 e5 2. Nf3 Nc6 3. Nc3 Nf6 4. d4 exd4 5. Nxd4 Bb4 6. Nxc6 bxc6 7. Bd3 O-O 8.
O-O d5 9. exd5 cxd5 10. Bg5 c6 11. h3 Bd6 12. Qf3 Rb8 13. Na4 h6 14. Bh4 Rb4 15.
Bxf6 Qxf6 16. Qxf6 gxf6 17. b3 Bd7 18. Rad1 Kg7 19. Rfe1 Be6 20. Nc3 Rfb8 21.
Ne2 c5 22. c3 R4b6 23. Bc2 Ra6 24. a4 Bc7 25. Ng3 Be5 26. Ne2 Bc7 27. f4 Rd8 28.
Ng3 Kf8 29. Nh5 Ba5 30. Re3 d4 31. Rg3 dxc3 32. Rxd8+ Bxd8 33. Rxc3 Ba5 34. Rg3
Be1 35. Re3 Bb4 36. Kh2 Rd6 37. Nxf6 Rd2 38. Be4 c4 39. bxc4 Bd6 40. Kg3 Bxc4
41. Nd7+ Kg7 42. Ne5 Be6 43. Rd3 Rxd3+ 44. Bxd3 a5 45. Kf3 Bb3 46. Bb5 Bd5+ 47.
Kf2 Bc5+ 48. Kg3 Bb4 49. Bc6 Be1+ 50. Kg4 Be6+ 51. f5 Bc8 52. Nd3 Bc3 53. Nc5
Bb4 54. Ne4 Ba3 55. Kf4 Bc1+ 56. Kg4 Ba3 57. Kf4 Bc1+ 58. Kg4 Ba6 59. Kf3 h5 60.
g4 Bf1 61. Nf2 Bc4 62. h4 hxg4+ 63. Nxg4 Bb3 64. f6+ Kg8 65. h5 Bd1+ 66. Kg3 Bd2
67. h6 Bc2 68. Kh4 Kh7 69. Ne5 Kxh6 70. Nxf7+ Kg6 71. Nd6 Kxf6 72. Ne4+ Bxe4 73.
Bxe4 Ke5 74. Bd3 Be1+ 75. Kg4 Bb4 76. Bb5 Bc3 77. Kf3 Bb4 78. Ke2 Kd4 79. Kf3
Kc3 80. Kg4 Kb2 81. Kh5 Ka3 82. Kg6 Kb2 83. Kh7 Ka3 84. Kg8 Kb2 85. Kf7 Ka1 86.
Ke8 Kb2 87. Kd7 Ka1 88. Kc6 Kb2 89. Kb7 Ka1 90. Ka6 Kb2 91. Kb7 Ka1 92. Ka6 Kb2
93. Kb7 1/2-1/2

[Event "PRO League Eastern 2017"]
[Site "chess.com INT"]
[Date "2017.02.01"]
[Round "4"]
[White "Kaasen, Tor Fredrik"]
[Black "Shaposhnikov, Evgeny"]
[Result "0-1"]
[WhiteTitle "FM"]
[BlackTitle "GM"]
[WhiteElo "2468"]
[BlackElo "2557"]
[WhiteTeam "Norway Gnomes"]
[BlackTeam "Gorky Stormbringers"]
[WhiteFideId "1516647"]
[BlackFideId "4122232"]
[EventDate "2017.01.11"]

1. e4 c5 2. Nf3 e6 3. d4 cxd4 4. Nxd4 a6 5. Bd3 Nf6 6. O-O d6 7. c4 g6 8. Nc3
Bg7 9. Qe2 O-O 10. b3 Nbd7 11. Bb2 b6 12. Rac1 Bb7 13. Rfd1 Qc7 14. f3 Rfe8 15.
Qf2 Ne5 16. Be2 Rad8 17. h3 Bh6 18. Rc2 Nh5 19. Bf1 Bg7 20. f4 Nd7 21. b4 Qb8
22. g4 Nxf4 23. Qxf4 e5 24. Qf3 exd4 25. Nd5 Bxd5 26. cxd5 Ne5 27. Qf4 Rc8 28.
Rf2 b5 29. Bxd4 Qb7 30. Kh1 Rf8 31. h4 Qe7 32. Rh2 Nd7 33. Bxg7 Kxg7 34. g5 f6
35. Bh3 fxg5 36. Qxg5 Qxe4+ 37. Qg2 Qxg2+ 38. Rxg2 Rc7 39. Bxd7 Rxd7 40. Rc1 Rf5
41. Rd2 Rf4 42. a3 Rxh4+ 43. Kg2 Rc4 44. Re1 Rc3 45. Rde2 Rxa3 46. Re7+ Rxe7 47.
Rxe7+ Kh6 48. Re6 Rb3 49. Rxd6 Rxb4 50. Rxa6 Rd4 51. d6 Kg5 52. Kf3 Kf5 53. Ke3
Rd5 54. Rb6 h5 55. d7 Rxd7 56. Rxb5+ Kg4 57. Kf2 Rd2+ 58. Kg1 g5 59. Rb4+ Kh3
60. Rb3+ Kh4 61. Rb4+ g4 62. Rb3 g3 0-1

[Event "PRO League Eastern 2017"]
[Site "chess.com INT"]
[Date "2017.02.01"]
[Round "4"]
[White "Vidit, Santosh Gujrathi"]
[Black "Indjic, Aleksandar"]
[Result "0-1"]
[WhiteTitle "GM"]
[BlackTitle "GM"]
[WhiteElo "2673"]
[BlackElo "2560"]
[WhiteTeam "Mumbai Movers"]
[BlackTeam "Belgrade Sparrows"]
[WhiteFideId "5029465"]
[BlackFideId "911925"]
[EventDate "2017.01.11"]

1. d4 Nf6 2. Nf3 e6 3. c4 c5 4. d5 exd5 5. cxd5 d6 6. Nc3 g6 7. Nd2 Bg7 8. e4
O-O 9. Be2 Re8 10. O-O Nbd7 11. a4 Ne5 12. Ra3 g5 13. Qc2 h6 14. Nd1 Ng6 15. Ne3
Rb8 16. Re1 b6 17. f3 a6 18. Ndf1 b5 19. axb5 axb5 20. Ng3 Nh4 21. Bd2 Qb6 22.
Kh1 c4 23. Bb4 Bd7 24. Rea1 Bc8 25. Qd2 g4 26. Rg1 h5 27. Qe1 Qd8 28. Qf2 Re5
29. Bd1 Ng6 30. Ngf5 Bxf5 31. Nxf5 Rxf5 32. exf5 Ne5 33. Qd2 Nd3 34. Rxd3 cxd3
35. Qxd3 Qb6 36. Qd2 Re8 37. Re1 Rxe1+ 38. Qxe1 Nxd5 39. Bd2 Qd4 40. b4 Be5 41.
fxg4 hxg4 42. Qe2 Nf6 43. Bc2 Qa1+ 44. Qd1 Qd4 45. Be1 Qe3 46. Qd2 Qa7 47. Bd3
Qa1 48. Bxb5 g3 49. Bf1 Ne4 50. Qe2 d5 51. b5 Bd4 52. f6 Nxf6 53. b6 Bxb6 54.
Bxg3 Ne4 55. Qg4+ Kf8 56. Qc8+ Kg7 57. Qg4+ Kf8 58. Qc8+ Ke7 59. Qb7+ Ke8 60.
Qb8+ Kd7 61. Qb7+ Ke8 62. Qb8+ Ke7 63. Qb7+ Kf8 64. Qc8+ Kg7 65. Qg4+ Kf6 66.
Bh4+ Ke5 67. Qg7+ f6 68. Qe7+ Kf5 69. Qd7+ Kf4 70. g3+ Ke3 71. Qf5 Qe5 72. Qf4+
Qxf4 73. gxf4 Kxf4 74. Kg2 f5 75. Bb5 Ke3 76. Bd7 f4 77. Bg4 d4 78. Bf3 d3 79.
Bxe4 Kxe4 80. Kf1 f3 81. Ke1 Be3 82. Bg3 d2+ 83. Kd1 Kd3 84. h4 f2 85. Bxf2 Bxf2
86. h5 Bd4 87. h6 Bh8 88. h7 Ke3 0-1

[Event "PRO League Eastern 2017"]
[Site "chess.com INT"]
[Date "2017.02.01"]
[Round "4"]
[White "Vaibhav, Suri"]
[Black "Abdilkhair, Abilmansur"]
[Result "1-0"]
[WhiteTitle "GM"]
[WhiteElo "2552"]
[BlackElo "1990"]
[WhiteTeam "Delhi Dynamite"]
[BlackTeam "Shymkent Nomads"]
[WhiteFideId "5045185"]
[BlackFideId "13716417"]
[EventDate "2017.01.11"]

1. d4 Nf6 2. c4 c5 3. d5 g6 4. Nc3 Bg7 5. e4 d6 6. Be2 O-O 7. Nf3 e6 8. dxe6
Bxe6 9. O-O Nc6 10. Bf4 Qb6 11. Rb1 Rfd8 12. Qd2 Ne5 13. b3 Ne8 14. Rfd1 Qb4 15.
Rbc1 Nc6 16. Qc2 a6 17. h3 Nd4 18. Nxd4 Bxd4 19. Na4 Qa5 20. b4 Qxb4 21. Rb1 Qa5
22. Nb6 Bd7 23. Rd3 Bb5 24. Nxa8 Ba4 25. Qc1 Rxa8 26. Ra3 Rb8 27. Bd2 Qd8 28.
Rxa4 Qh4 29. Be3 1-0